000 00345 a2200169 4500
001 161794
020 _a
040 _cMagnum
100 _aPóvoa, Liberato
240 1 0 _aO senhor do tempo
_lpor
245 1 0 _aO senhor do tempo
300 _a56
362 0 _a1995
440 1 _a
697 _aLITERATURA INFANTO-JUVENIL
942 _cBK
999 _c161794
_d161794